000 00482nam a2200193 a 4500
001 1758085460817
003 ACL
005 20250917103635.0
008 250917s2008##################000#0#eng##
020 _a9781844138432
082 0 4 _a791.4375
_bWEB
100 1 _aWebber, Richard,
_eauthor.
245 1 0 _a50 Years of Carry on :
260 _bRandom House,
_c2008.
300 _a388 pages
650 0 _aBiography & Autobiography.
942 _cENGLISH
040 _aACL
_beng
_cACL
999 _c587604
_d587604